Score 0/50 Timer 10:00
4 Plays Today
% Correct
Texas
94%
California
93.9%
Florida
93.8%
Alaska
93.6%
Hawaii
93.4%
Washington
93.4%
Nevada
92.2%
Maine
92%
New Mexico
91.9%
North Dakota
91.5%
South Dakota
91.3%
Oregon
91%
North Carolina
91%
New York
90.9%
South Carolina
90.8%
Michigan
90.6%
Arizona
90.5%
Georgia
90.4%
Louisiana
89.8%
Virginia
89.6%
Montana
89.5%
Idaho
89%
Alabama
88.8%
Tennessee
88.7%
Utah
88.6%
% Correct
Colorado
87.9%
West Virginia
87.8%
Vermont
87.8%
Pennsylvania
87.8%
Illinois
87.6%
Ohio
87.3%
Oklahoma
87.3%
Mississippi
87.2%
Kentucky
87.2%
Rhode Island
87.1%
New Hampshire
86.5%
New Jersey
86.2%
Kansas
86.1%
Wisconsin
85.9%
Indiana
85.5%
Minnesota
85.2%
Maryland
85.1%
Wyoming
85%
Arkansas
84.5%
Delaware
83.6%
Nebraska
83.4%
Iowa
83.3%
Connecticut
82.7%
Massachusetts
82.4%
Missouri
82.3%
Remove Ads.
Support Sporcle.
Get the best of Sporcle when you Go Orange. This ad-free experience offers more features, more stats, and more fun while also helping to support Sporcle. Thank you for becoming a member.

You're not logged in!

Compare scores with friends on all Sporcle quizzes.
OR
Log In

Sporcle TV

Today on Sporcle TV


Watch our educational content, quiz creation guides, and fun videos on Sporcle TV.

Show Comments

Extras

Top Quizzes Today


Score Distribution

Paid Content

Your Account Isn't Verified!

In order to create a playlist on Sporcle, you need to verify the email address you used during registration. Go to your Sporcle Settings to finish the process.

Report this User

Report this user for behavior that violates our Community Guidelines.

Details: